000 00241nam a2200097Ia 4500
001 1043152
005 20250826232116.0
008 250824s9999 xx 000 0 und d
245 0 _aKIZIL PENÇE
_cMUSTAFA ARMAĞAN
260 _bKETEBE YAYINLARI
999 _c1043152
_d1043152